000 00523nam a22001697a 4500
005 20141008105847.0
008 141008b xxu||||| |||| 00| 0 eng d
020 _a9789351112167
050 _aPN 1991
_b.Ar769 2014
100 _aArora, Neha.
245 _aTechniques of feature writing and mass communication /
_cNeha Arora.
260 _aNew Delhi :
_bRandom Publication,
_cc2014.
300 _a297 pages :
_c24 cm.
521 _aMass Communication
650 _aTechnical writing
_xTechniques.
942 _2lcc
_cBK
_kFOR
999 _c276034
_d276034